| 000 | 00356nam a2200133Ia 4500 | ||
|---|---|---|---|
| 008 | 150202s9999 xx 000 0 und d | ||
| 020 | _a312006942 | ||
| 050 |
_aFIC _bFIC |
||
| 100 | _aBryant, Will. | ||
| 245 | 2 |
_aA time for heroes / _cWill Bryant. |
|
| 260 |
_aNew York : _bMeriam-Webster, _c1987. |
||
| 300 |
_a308 pages : _c21 cm. |
||
| 650 | _aFiction. | ||
| 999 |
_c281874 _d281874 |
||